| 000 | 00459nam a2200193Ia 4500 | ||
|---|---|---|---|
| 005 | 20240823060913.0 | ||
| 008 | 240823s9999||||xx |||||||||||||| ||und|| | ||
| 041 | _aENGLISH | ||
| 082 | _A620.0028 Q5 | ||
| 100 | _a"Bewoor,Anand K" | ||
| 245 | 0 | _aMetrology and Measurements | |
| 250 | _a1st | ||
| 260 |
_c2015 _bMcGraw Hill Educ |
||
| 500 | _aTRANSFERED | ||
| 650 |
_aMetrology _bMechanical |
||
| 700 | _aKulkarni V A | ||
| 942 | _cBK | ||
| 999 |
_c232247 _d232247 |
||